000 00589nam a2200229Ia 4500
003 OSt
005 20230413122013.0
008 210423s2008 xx 000 0 und d
020 _a108130909200
040 _cAL
041 _aeng
082 _a339.3
_223
_bTAYL
100 _aTAYLOR (Lance)
_987908
245 _aReconstructing macroeconomics
260 _aBangalore
_bViva Books Pvt Ltd
_c2008
300 _aviii,442
_bHB
365 _b995
_cINR
650 _aEconomics
_987909
650 _aMacroeconomics
_987910
906 _amacroeconomics ; Reconstructing
942 _2ddc
_cBK
999 _c157409
_d157409